| 000 | 00477nam a2200169Ia 4500 | ||
|---|---|---|---|
| 999 |
_c19964 _d19964 |
||
| 003 | OSt | ||
| 005 | 20200616142419.0 | ||
| 008 | 190216s9999||||xx |||||||||||||| ||und|| | ||
| 040 | _coclc | ||
| 082 |
_a301.440954 _bHUT/C |
||
| 100 |
_aHutton, J H _92991 |
||
| 245 | 0 |
_aCaste In India / _cJ H Hutton |
|
| 250 | _a4th ed. | ||
| 260 |
_bOxford University Press, _aDelhi: _c1986. |
||
| 300 | _a324p | ||
| 942 |
_cBK _2ddc _h301.440954 _iHUT/C _k301.440954 _mHUT/C |
||